LEADER 00722nam a2200181 i 4500 001 000000258181 003 CaOOAMICUS 005 20240201122357.0 008 180418s1830 it u000 u ita u 026 $alali s.ei 1.a. (o6C (7) 1830 (R) 040 $aSeMil$bita 245 10$aVol. 2. 300 $a419, [1] p. 773 0 $aAmmianus Marcellinus $tStorie di Ammiano Marcellino tradotte da Francesco Ambrosoli con note. Vol. 1. [-2.].$dMilano : Per Antonio Fontana, 1829-1830.$kBiblioteca storica di tutte le nazioni$g2$w()14837 850 $aSeMil 852 $aSeMil$W1$xVenegono$y1$m3V IV 2 FA$j208527$B208527$CSeMilBibl$Z2$F222175 $8I 996 $6245$aVol. 2$9(OLS)http://semarc/title/13458 LEADER 02484nam a2200409 i 4500 001 000000031915 003 CaOOAMICUS 005 20240924130418.0 008 180830s1734 be u000 u fre u 040 $aSeMil$bita 100 1 $aBourdaloue, Louis,$c.$0(OLS)http://semarc/name/5823 245 10$aSermons du Père Bourdaloue, de la Compagnie de Jesus. 260 $aA Anvers :$bAux depens de la Compagnie,$c1734. 300 $a6 v. (in 14 tomi) ;$c8°. 650 4$aPrediche, omelie, sermoni - Sec. 18.-19.$0(OLS)http://semarc/subject/5107 774 0 $aBourdaloue, Louis $tSermons du Père Bourdaloue, de la Compagnie de Jesus, pour les fêtes des saints, et pour des vetures & professions religieuses. Tome 1. [-2.].$dA Anvers : Aux depens de la Compagnie, 1734.$g5$w()31910 774 0 $aBourdaloue, Louis $tSermons du Père Bourdaloue, de la Compagnie de Jésus, pour les Dimanches. Tome 1. [-4.].$dA Anvers : Aux depens de la Compagnie, 1734.$g3$w()31911 774 0 $aBourdaloue, Louis $tSermons du père Bourdaloue, de la Compagnie de Jésus, sur les mystères. Tome 1. [-2.].$dA Anvers : Aux depens de la Compagnie, 1734.$g4$w()31913 774 0 $aBourdaloue, Louis $tExhortations et instructions chretiennes, par le Pere Bourdaloue, de la Compagnie de Jesus, Tome 1. [-2.].$dA Anvers : Aux depens de la Compagnie, 1734.$g6$w()31914 774 0 $aBourdaloue, Louis $tSermons du Père Bourdaloue, de la Compagnie de Jesus, pour le carême. Tome 1. [-3.].$dA Anvers : Aux depens de la Compagnie, 1734.$g2$w()31916 774 0 $tTome 1.$g5$w()241958 774 0 $tTome 2.$g5$w()241960 774 0 $tTome 1.$g3$w()241961 774 0 $tTome 4.$g3$w()241963 774 0 $tTome 2.$g3$w()241964 774 0 $tTome 3.$g3$w()241965 774 0 $tTome 1.$g4$w()241966 774 0 $tTome 2.$g4$w()241968 774 0 $tTome 1.$g6$w()241969 774 0 $tTome 2.$g6$w()241970 774 0 $aBourdaloue, Louis $tSermons du Père Bourdaloue, de la Compagnie de Jesus, pour l'Avent.$dA Anvers : Aux depens de la Compagnie, 1734.$g1$w()241971 774 0 $tTome 1.$g2$w()241972 774 0 $tTome 3.$g2$w()241973 774 0 $tTome 2.$g2$w()241974 996 $6245$aSermons du Père Bourdaloue, de la Compagnie de Jesus$9(OLS)http://semarc/title/43310 996 $6260$aA Anvers :$bAux depens de la Compagnie$9(OLS)http://semarc/publisher/39078